Classic Nineties Movies by Picture - Statistics

General Stats
  • This quiz has been taken 163 times
  • The average score is 22 of 30
Answer Stats
Picture Hint Answer % Correct
1990 Home Alone
96%
1997 Titanic
95%
1994 Forrest Gump
94%
1990 Edward Scissorhands
93%
1993 Jurassic Park
91%
1997 Men in Black
90%
1996 Scream
90%
1994 The Mask
86%
1999 Fight Club
85%
1994 Pulp Fiction
85%
1991 The Silence of the Lambs
83%
1990 Pretty Woman
81%
1998 Saving Private Ryan
81%
1993 Mrs. Doubtfire
80%
1991 Hook
76%
1995 Braveheart
75%
1997 Goodwill Hunting
74%
1992 Sister Act
71%
1990 Ghost
69%
1993 Schindler's List
69%
1995 Se7en
69%
1992 Malcolm X
68%
1992 Wayne's World
66%
1998 The Big Lebowski
65%
1995 The Usual Suspects
64%
1996 Fargo
60%
1991 Robin Hood
60%
1992 Basic Instinct
51%
1998 There's Something About Mary
47%
1999 Being John Malkovich
24%
No matching quizzes found
Score Distribution
Percent of People with Each Score
Percentile by Number Answered
Your Score History
You have not taken this quiz